• 首页
  • 本馆介绍
  • 公告通知
  • 最新文献
  • 馆藏检索
  • 电子资源
  • 读者导购
  • 参考咨询
  • 我的图书馆
  • 登录
  • 详细信息显示
  • 放入我的书架
  • 预约/预借图书
  • 作者相关作品
  • 分类相关作品
  • 丛书相关作品
  • 出版社相关作品

书目信息

  • 表格格式
  • 工作单格式
  • 卡片格式
题名:
生态产业与产业生态学
    
 
作者: 周文宗 编著
分册:  
出版信息: 北京   化学工业出版社  2005
页数: 233页
开本: 24cm
丛书名: 生态学热点研究丛书
单 册:
中图分类: Q149 , F062.9
科图分类:
主题词: 产业--生态学--研究 , 产业 , 生态学
电子资源:
ISBN: 7-5025-6201-X
000 01069oam2 2200301 450
001 002800478
005 20050218135304.0
010    @a7-5025-6201-X@dCNY29.00
035    @a002800478
100    @a20050104d2005 em y0chiy0110 ea
101 0  @achi
102    @aCN@b110000
105    @ay z 000yy
106    @ar
200 1  @a生态产业与产业生态学@Asheng tai chan ye yu chan ye sheng tai xue@f周文宗等编著@Fzhou wen zong deng bian zhu
210    @a北京@c化学工业出版社@d2005
215    @a233页@d24cm
225 2  @a生态学热点研究丛书@Asheng tai xue re dian yan jiu cong shu
330    @a本书从新的视角透视了产业生态学与生态产业,分析了食物链的类型和特点,阐述了食物链和生态产业的关系,对食物链的研究方法和理论作了初步总结,并系统阐述了生态产业的理论基础——产业生态学。
461  0 @1001002679572@12001 @a生态学热点研究丛书
606 0  @a产业@x生态学@x研究
606 0  @a产业
606 0  @a生态学
690    @aQ149@v4
690    @aF062.9@v4
701  0 @a周文宗@Azhou wen zong@4编著
801  0 @aCN@bNLC@c20050221
905    @dQ149@e123 @f5
    
    生态产业与产业生态学/周文宗等编著.-北京:化学工业出版社,2005
    233页;24cm.-(生态学热点研究丛书)
    
    
    ISBN 7-5025-6201-X:CNY29.00
    本书从新的视角透视了产业生态学与生态产业,分析了食物链的类型和特点,阐述了食物链和生态产业的关系,对食物链的研究方法和理论作了初步总结,并系统阐述了生态产业的理论基础——产业生态学。
●
相关链接 在E读中查询图书 在五车中查询图书 在当当中查询图书 在豆瓣中查询图书


正题名:生态产业与产业生态学     索取号:Q149/123         预约/预借

序号 登录号 条形码 馆藏地/架位号 状态 备注
1 0579085   205790857   第二样本阅览室/ [索取号:Q149/123] 在馆    
2 0579086   205790866   第三借阅区/ [索取号:Q149/123] 在馆    
3 0579087   205790875   第三借阅区/ [索取号:Q149/123] 在馆    
4 0579088   205790884   第三借阅区/ [索取号:Q149/123] 在馆    
5 0579089   205790893   第三借阅区/ [索取号:Q149/123] 在馆    
6 0579090   205790900   第三借阅区/ [索取号:Q149/123] 在馆    
7 0579091   205790919   第三借阅区/ [索取号:Q149/123] 在馆    
8 0579092   205790928   第三借阅区/ [索取号:Q149/123] 在馆    
9 0579093   205790937   第三借阅区/ [索取号:Q149/123] 在馆    
10 0579094   205790946   第三借阅区/ [索取号:Q149/123] 在馆    
11 0850618   208506188   第三借阅区/ [索取号:Q149/123] 在馆    
12 0850619   208506197   第三借阅区/ [索取号:Q149/123] 在馆    
13 0850620   208506204   第三借阅区/ [索取号:Q149/123] 在馆    
14 0850621   208506213   第三借阅区/ [索取号:Q149/123] 在馆    
15 0850622   208506222   第三借阅区/ [索取号:Q149/123] 在馆    
唐山师范学院图书馆 欢迎您!
大连网信软件有限公司© 版权所有